Cambio Climático y Percepciones en Comunidades Andinas Quechuahablantes / (Record no. 23368)

000 -CABECERA
fixed length control field 01025nam a22002657i 4500
003 - IDENTIFICADOR DEL NÚMERO DE CONTROL
control field AR-CdUCM
008 - DATOS DE LONGITUD FIJA--INFORMACIÓN GENERAL
fixed length control field 250827b20192019 pe||||| |||| 00| 0 spa d
020 ## - NÚMERO INTERNACIONAL ESTÁNDAR DEL LIBRO
ISBN 978-612-4236-19-8
040 ## - FUENTE DE LA CATALOGACIÓN
Agencia/entidad que catalogó originalmente la obra MUNICIPALIDAD PROVINCIAL DEL CUSCO
Entidad que transcribió la catalogación BIBLIOTECA MUNICIPAL DEL CUSCO
082 ## - NÚMERO DE LA CLASIFICACIÓN DECIMAL DEWEY
No. de Clasificación 304.2509856 / M84
Notacion interna M84
100 ## - ENTRADA PRINCIPAL--NOMBRE DE PERSONA
Nombre Personal Monge Rodríguez, Fredy Santiago
245 ## - MENCIÓN DE TÍTULO
Título Cambio Climático y Percepciones en Comunidades Andinas Quechuahablantes /
260 ## - PUBLICACIÓN, DISTRIBUCIÓN, ETC.
Lugar de publicación, distribución, etc. Cusco
Nombre de la editorial, distribuidor, etc. Universidad Nacional de San Antonio Abad del Cusco
Fecha de publicación, distribución, etc. 2019
300 ## - DESCRIPCIÓN FÍSICA
Nº de Páginas Extensión 330 páginas. :
Otros detalles físicos Ilustraciones
Dimensiones 24x17 cm.
505 ## - NOTA DE CONTENIDO CON FORMATO
Nota de contenido formateada Antecedentes de la provincia de Calca -- Cultivos tradicionales maíz y papas -- Equilibrio económico -- Aluvión del año
650 ## - PUNTO DE ACCESO ADICIONAL DE MATERIA--TÉRMINO DE MATERIA
Descriptor Maiz y papas
9 (RLIN) 51403
650 ## - PUNTO DE ACCESO ADICIONAL DE MATERIA--TÉRMINO DE MATERIA
Descriptor Cultivos tradicionales
9 (RLIN) 51404
650 ## - PUNTO DE ACCESO ADICIONAL DE MATERIA--TÉRMINO DE MATERIA
Descriptor Glaciares
9 (RLIN) 27105
650 ## - PUNTO DE ACCESO ADICIONAL DE MATERIA--TÉRMINO DE MATERIA
Descriptor Reforma Agraria
9 (RLIN) 1861
700 ## - PUNTO DE ACCESO ADICIONAL--NOMBRE DE PERSONA
Nombre Personal Tobias, Robert
9 (RLIN) 51405
700 ## - PUNTO DE ACCESO ADICIONAL--NOMBRE DE PERSONA
Nombre Personal Brügger, Adrián
9 (RLIN) 51406
942 ## - ELEMENTOS DE PUNTO DE ACCESO ADICIONAL (KOHA)
Fuente de clasificación
Tipo de item Libros-BMC
945 ## - PROCESAMIENTO DE INFORMACIÓN LOCAL (OCLC)
Catalogador pbjr
AAAA-MM-DD - Fecha de ingreso o modificacion 27-08-2025
Holdings
Estado de retiro (separado) Fuente de clasificación o esquema de estanterías Estado dañado Ubicación Sala donde se ubica Nombre de la colección Fecha de adquisición o compra Fuente de adquisición Costo, precio normal en soles Signatura topográfica Código de Barras Última vez visto (Koha) Tipo de ítem (Koha)
No     Sala Humanidades Sala Humanidades Book Cart 2025-08-27 Depósito legal 25.00 304.2509856 / M84 SH0000016979 2025-08-27 Libros-BMC

Powered by Koha